000 01573nam2a22002891 4500
001 rc\4580368
005 20250612123240.0
021 _aRU
_b[65-45854]
035 _a(NLR Aleph) 008656401
090 _a9034111
_c9034110
100 _a20130416d1965 |||y0rusy50 ca
101 0 _arus
102 _aRU
105 _aa z |||||
200 1 _aСредние века
_fПод ред. А.А. Губера и В.В. Павлова]
210 _d1965
_aБ. м.
215 _a269 с., 53 л. ил.
461 0 _1001rc\4580367
_12001#$aМастера искусства об искусстве$e[Избр. отрывки из писем, дневников, речей и трактатов$eВ 7 т.$fПод общ. ред. А.А. Губера и др. Т. 1-]$v[Т. 1
_99034106
_cМосква
_d1965
_fПод общ. ред. А.А. Губера и др. Т. 1-]
_nИскусство
_o[Избр. отрывки из писем, дневников, речей и трактатов : В 7 т.
_tМастера искусства об искусстве
_v[Т. 1
606 _aИзобразительное искусство народов Востока, средневековое (т. 1)
_2psbo
606 _aЗападноевропейское изобразительное искусство, средневековое (т. 1)
_2psbo
702 1 _aГубер
_bА.А.
_gАндрей Александрович
_4340
702 1 _aПавлов
_bВ.В.
_4340
801 0 _aRU
_bNLR
_gpsbo
801 1 _aRU
_bELAR
_2rusmarc
852 _aNLR
_j65-3/3043
942 _cBOOK
980 _aNB